Top 100 Cyclists UCI World Ranking - Statistics

General Stats
  • This quiz has been taken 1,381 times
    197 since last reset
  • The average score is 54 of 100
Answer Stats
Team Name % Correct
1 SLO UAE Team Emirates - XRG Tadej Pogačar
100%
3 DEN Visma | Lease a Bike Jonas Vingegaard
99%
9 BEL Visma | Lease a Bike Wout Van Aert
98%
7 NED Alpecin - Premier Tech Mathieu Van der Poel
97%
5 BEL Red Bull - BORA - hansgrohe Remco Evenepoel
97%
2 MEX UAE Team Emirates Isaac del Toro
95%
4 DEN Lidl - Trek Mads Pedersen
93%
6 POR UAE Team Emirates - XRG João Almeida
92%
8 GBR Pinarello Q36.5 Thomas Pidcock
91%
11 IRL EF Education - EasyPost Ben Healy
89%
34 FRA Decathlon CMA CGM Paul Seixas
84%
12 BEL Lotto Intermarché Arnaud De Lie
82%
13 GER Red Bull - BORA - hansgrohe Florian Lipowitz
80%
16 ESP Lidl - Trek Juan Ayuso
80%
19 USA Visma | Lease a Bike Matteo Jorgenson
80%
24 ITA INEOS Grenadiers Filippo Ganna
79%
17 ITA Lidl - Trek Giulio Ciccone
78%
31 BEL Alpecin - Premier Tech Jasper Philipsen
78%
10 AUS UAE Team Emirates - XRG Jay Vine
78%
39 SLO Red Bull - BORA - hansgrohe Primož Roglič
78%
23 ITA Lidl - Trek Jonathan Milan
76%
49 GBR UAE Team Emirates - XRG Adam Yates
75%
44 ERI NSN Cycling Biniam Girmay
75%
18 AUT Decathlon CMA CGM Felix Gall
75%
30 GBR Simon Yates
75%
55 FRA Tudor Julian Alaphilippe
73%
43 COL INEOS Grenadiers Egan Bernal
72%
27 FRA Bahrain Victorious Lenny Martinez
72%
41 ECU EF Education - EasyPost Richard Carapaz
72%
22 USA UAE Team Emirates - XRG Brandon McNulty
70%
20 FRA INEOS Grenadiers Kévin Vauquelin
68%
40 BEL Soudal Quick-Step Tim Merlier
66%
21 FRA Groupama - FDJ United Romain Grégoire
64%
26 GBR Visma | Lease a Bike Matthew Brennan
63%
46 NOR Uno-X Mobility Tobias Johannessen
63%
33 SUI Jayco AlUla Mauro Schmid
61%
14 GBR INEOS Grenadiers Oscar Onley
61%
93 USA Visma | Lease a Bike Sepp Kuss
61%
25 DEN Lidl - Trek Mattias Skjelmose
59%
50 NED INEOS Grenadiers Thymen Arensman
59%
77 AUS Jayco AlUla Ben O'Connor
58%
60 BEL UAE Team Emirates - XRG Tim Wellens
58%
29 AUS Tudor Michael Storer
57%
28 FRA Soudal Quick-Step Paul Magnier
57%
15 ITA XDS Astana Christian Scaroni
56%
42 CAN Lidl - Trek Derek Gee
56%
79 NOR Uno-X Mobility Jonas Abrahamsen
56%
37 SUI UAE Team Emirates - XRG Jan Christen
55%
82 NED Unibet Rose Rockets Dylan Groenewegen
54%
56 AUS Alpecin - Premier Tech Kaden Groves
54%
83 ESP Movistar Enric Mas
53%
48 AUS Red Bull - BORA - hansgrohe Jai Hindley
53%
73 SUI Tudor Marc Hirschi
53%
59 BEL UAE Team Emirates - XRG Florian Vermeersch
51%
88 FRA UAE Team Emirates - XRG Pavel Sivakov
51%
62 USA Lidl - Trek Quinn Simmons
51%
45 ITA Red Bull - BORA - hansgrohe Giulio Pellizzari
49%
99 BEL Soudal Quick-Step Jasper Stuyven
49%
35 NED Decathlon CMA CGM Olav Kooij
49%
68 LAT Lidl - Trek Toms Skujiņš
49%
78 FRA INEOS Grenadiers Dorian Godon
48%
32 ITA Bahrain - Victorious Antonio Tiberi
47%
51 BEL Red Bull - BORA - hansgrohe Jordi Meeus
43%
36 AUS Jayco AlUla Michael Matthews
43%
54 USA EF Education - EasyPost Neilson Powless
43%
75 ITA Tudor Matteo Trentin
42%
53 ESP Cofidis Alex Aranburu
41%
67 POR UAE Team Emirates - XRG António Morgado
41%
65 ITA XDS Astana Lorenzo Fortunato
41%
64 SVK Unibet Rose Rockets Lukáš Kubiš
41%
58 BEL Decathlon CMA CGM Tiesj Benoot
41%
85 COL Bahrain - Victorious Santiago Buitrago
39%
38 DEN Decathlon CMA CGM Tobias Lund Andresen
39%
100 DEN Uno-X Mobility Magnus Cort
38%
63 USA Decathlon CMA CGM Matthew Riccitello
37%
84 BEL Soudal Quick-Step Ilan Van Wilder
35%
57 AUS Jayco AlUla Luke Plapp
35%
74 COL XDS Astana Harold Tejada
34%
70 CZE Picnic PostNL Pavel Bittner
34%
90 ITA Bahrain - Victorious Damiano Caruso
32%
66 VEN Movistar Orluis Aular
29%
94 NOR Uno-X Mobility Søren Wærenskjold
29%
97 GBR Visma | Lease a Bike Ben Tulett
28%
81 FRA Decathlon CMA CGM Paul Lapeira
28%
86 ESP Movistar Iván Romeo
27%
47 FRA TotalEnergies Emilien Jeannière
25%
61 NZL NSN Cycling Corbin Strong
24%
69 BEL Cofidis Milan Fretin
23%
96 BEL Lidl - Trek Thibau Nys
23%
80 GBR NSN Cycling Ethan Vernon
21%
72 ITA XDS Astana Diego Ulissi
20%
91 ECU XDS Astana Harold Martín López
20%
95 GER XDS Astana Max Kanter
20%
89 NED XDS Astana Mike Teunissen
20%
92 KAZ XDS Astana Yevgeniy Fedorov
20%
87 ITA Pinarello Q36.5 Matteo Moschetti
19%
71 FRA Decathlon CMA CGM Nicolas Prodhomme
19%
98 URU XDS Astana Guillermo Silva
18%
52 ITA XDS Astana Simone Velasco
18%
76 GBR Pinarello Q36.5 Fred Wright
14%
No matching quizzes found
Score Distribution
Percent of People with Each Score
Percentile by Number Answered
Your Score History
You have not taken this quiz since the last reset